| 000 | 00490pam a2200169 a 4500 | ||
|---|---|---|---|
| 020 | _a0023437510 | ||
| 040 | _cDLC | ||
| 082 | 0 | 0 | _a512 PRE 1996 A032 Or. |
| 100 | 1 | _aSullivan, Michael, | |
| 245 | 1 | 0 |
_aCollege algebra : _benhanced with graphing utilities / |
| 260 |
_aUpper Saddle River, NJ : _bPrentice Hall, _cc1996. |
||
| 300 |
_a1 v. (various pagings) : _bill. (some col.) ; _c26 cm. |
||
| 500 | _aIncludes index. | ||
| 650 | 0 | _aAlgebra. | |
| 700 | 1 | _aSullivan, Michael, | |
| 942 | _cEK | ||
| 999 |
_c12135 _d12135 |
||